| 000 | 00635cab a2200253 4500 | ||
|---|---|---|---|
| 001 | WB3510-57 | ||
| 008 | 090401t1999 xxu||||| |||| 00| 0 eng d | ||
| 035 | _a(Sirsi) u92026 | ||
| 041 | _aeng | ||
| 245 | _aCountryside Council for Wales | ||
| 260 | _c1999 | ||
| 350 | _a0 | ||
| 490 |
_aWestern Mail Supplement _v9 March 1999 (4) LOAN |
||
| 650 | _aACCESS TO THE COUNTRYSIDE | ||
| 650 | _aAGRI-ENVIRONMENT SCHEMES | ||
| 650 | _aFARMING | ||
| 650 | _aHABITAT CONSERVATION | ||
| 650 | _aTIR GOFAL | ||
| 650 | _aWALES | ||
| 650 | _aWILDLIFE CONSERVATION | ||
| 690 | _aRURAL PRACTICE | ||
| 942 | _n0 | ||
| 948 | _c12/03/1999 | ||
| 999 |
_c58361 _d58361 |
||